Bundesliga 2013/2014 - Statistics

General Stats
  • This quiz has been taken 73 times
  • The average score is 13 of 18
Answer Stats
Answer % Correct
Bayern München
100%
Borussia Dortmund
99%
Schalke 04
87%
Hamburger SV
82%
VfL Wolfsburg
82%
Bayer 04 Leverkusen
81%
Borussia Mönchengladbach
73%
FC Augsburg
73%
Eintracht Frankfurt
72%
SV Werder Bremen
72%
Mainz 05
69%
VfB Stuttgart
69%
1899 Hoffenheim
66%
SC Freiburg
64%
Hannover 96
57%
1. FC Nürnberg
49%
Eintracht Braunschweig
30%
Herta BSC Berlin
28%
No matching quizzes found
Score Distribution
Percent of People with Each Score
Percentile by Number Answered
Your Score History
You have not taken this quiz